Doing More with Less : How Can Brazil Foster Development While Pursuing Fiscal Consolidation? /

Following a benchmarking exercise, we estimate the spending required to reach satisfactory progress in the Sustainable Development Goals in the health, education, and infrastructure sectors in Brazil. We find that there is room for savings in education (up to 1.5 percentage point of GDP) and health...

Ամբողջական նկարագրություն

Մատենագիտական մանրամասներ
Հիմնական հեղինակ: Flamini, Valentina
Այլ հեղինակներ: Soto, Mauricio
Ձևաչափ: Ամսագիր
Լեզու:English
Հրապարակվել է: Washington, D.C. : International Monetary Fund, 2019.
Շարք:IMF Working Papers; Working Paper ; No. 2019/236
Առցանց հասանելիություն:Full text available on IMF
LEADER 01767cas a2200253 a 4500
001 AALejournalIMF015808
008 230101c9999 xx r poo 0 0eng d
020 |c 5.00 USD 
020 |z 9781513509358 
022 |a 1018-5941 
040 |a BD-DhAAL  |c BD-DhAAL 
100 1 |a Flamini, Valentina. 
245 1 0 |a Doing More with Less :   |b How Can Brazil Foster Development While Pursuing Fiscal Consolidation? /  |c Valentina Flamini, Mauricio Soto. 
264 1 |a Washington, D.C. :  |b International Monetary Fund,  |c 2019. 
300 |a 1 online resource (23 pages) 
490 1 |a IMF Working Papers 
500 |a <strong>Off-Campus Access:</strong> No User ID or Password Required 
500 |a <strong>On-Campus Access:</strong> No User ID or Password Required 
506 |a Electronic access restricted to authorized BRAC University faculty, staff and students 
520 3 |a Following a benchmarking exercise, we estimate the spending required to reach satisfactory progress in the Sustainable Development Goals in the health, education, and infrastructure sectors in Brazil. We find that there is room for savings in education (up to 1.5 percentage point of GDP) and health (up to 2.5 percentage points of GDP) without compromising the quality of services but additional investments for over 3 percent of GDP per year are needed to close large infrastructure gaps in roads, water, and electricity by 2030. Brazil can do more with less, but increasing efficiency of public spending will require substantial reforms. 
538 |a Mode of access: Internet 
700 1 |a Soto, Mauricio. 
830 0 |a IMF Working Papers; Working Paper ;  |v No. 2019/236 
856 4 0 |z Full text available on IMF  |u http://elibrary.imf.org/view/journals/001/2019/236/001.2019.issue-236-en.xml  |z IMF e-Library